000 01041nam0a22002651 4500
001 rc\2768520
005 20250810043451.0
035 _a(NLR Aleph) 006894929
090 _a7186419
_c7186419
100 _a20110915d1941 u y0rusy50 ca
101 0 _arus
102 _aRU
105 _ay z |||||
200 1 _aИзучение в 4-м классе раздела арифметики "Делимость чисел"
_fГ. С. Багрин, учитель Ясиноват. СШ-1 Южно-Донец. ж. д.
210 _aЯсиноватая
_cБ. и.
_d1941
215 _a24 с.
_d20 см.
225 1 _aОбмен педагогическим опытом
_fОтдел школ Южно-Донец. ж. д. Дор. пед. кабинет
700 1 _aБагрин
_bГ.С.
_gГригорий Степанович
801 0 _aRU
_bNLR
_gpsbo
801 1 _aRU
_bELAR
_2rusmarc
852 _aNLR
_jПр20 Г-4/37
942 _cBOOK
945 _aРоссийская национальная библиотека
980 _aNB
980 _aBV